000 00253nam a22000977a 4500
008 160511b xxu||||| |||| 00| 0 eng d
041 _aeng
080 _a61
245 _aHuman histology a textbook in outline form:
_cW. B.Saunders Company;
942 _2udc
_cBK
999 _c2012
_d2012